000 00304nam a22001337a 4500
008 170421b xxu||||| |||| 00| 0 eng d
020 _a9780815316190
041 _aeng
080 _23RD
_a573
100 _a11
101 _aSHM
245 _aMOLECULAR BIOLOGY OF THE CELL
_cALBERTS, B
942 _2udc
_cBK
999 _c11464
_d11464